000
00326 a2200157 4500
001
186018
020
_a
85-08-07869-X
040
_c
Magnum
100
_a
Lucas, Pedro R.
240
1
0
_a
Ciência 1ª série
_l
por
245
1
0
_a
Ciência 1ª série
300
_a
160
440
1
_a
Ática
697
_a
CIÊNCIAS
942
_c
BK
999
_c
186018
_d
186018